00520nam a2200145Ia 4500008004100000082001900041245006000060250000900120260002400129300000800153650002900161942001600190952015300206999001500359150301s2014 xx 000 0 und d a610.7367bC14P aPERRECONE, MARY R. CLINICAL HB. FOR BRUNNER & SUDDARTHS a13TH bWOLTER KLUWERc2014 a784 aMEDICAL SURGICAL NURSING 2ddccBK010 00102ddc40708NURSINGaFMbFMcTXTd2015-07-02eABC DELHIiSGTUl10o610.7367 C14PpFN2936r2024-06-22 00:00:00s2024-06-05w2015-03-25yBKk5533 c6870d6870